<?xml version="1.0" encoding="UTF-8"?>
<collection xmlns="http://www.loc.gov/MARC21/slim">
    <record>
        <controlfield tag="001">71378</controlfield>
        <controlfield tag="005">20180822112355.0</controlfield>
        <datafield tag="037" ind1=" " ind2=" ">
            <subfield code="a">GDOC-2017-25415</subfield>
        </datafield>
        <datafield tag="041" ind1=" " ind2=" ">
            <subfield code="a">spa</subfield>
        </datafield>
        <datafield tag="041" ind1=" " ind2=" ">
            <subfield code="a">eng</subfield>
        </datafield>
        <datafield tag="100" ind1=" " ind2=" ">
            <subfield code="0">''</subfield>
            <subfield code="1">391264</subfield>
            <subfield code="a">MARÍA TERESA ACÍN, MIGUEL</subfield>
        </datafield>
        <datafield tag="245" ind1="0" ind2="0">
            <subfield code="9">25415</subfield>
            <subfield code="a">Estancias clínicas II</subfield>
        </datafield>
        <datafield tag="242" ind1="0" ind2="0">
            <subfield code="9">25415</subfield>
            <subfield code="a">Hospital Internships II</subfield>
        </datafield>
        <datafield tag="260" ind1=" " ind2=" ">
            <subfield code="a">Zaragoza</subfield>
            <subfield code="b">Universidad de Zaragoza</subfield>
            <subfield code="c">2017-2018</subfield>
        </datafield>
        <datafield tag="520" ind1=" " ind2=" ">
            <subfield code="a"> 
Las Prácticas Asistenciales del Grado en Enfermería constituyen una materia establecida por Orden Ministerial, Orden CIN/2134/2008 de 3 de julio (BOE 19 de julio de 2008).
La función asistencial de Enfermería es una parte esencial de esta disciplina. La transferencia de los conocimientos adquiridos durante la formación teórico-práctica, requiere la inclusión en el medio asistencial para hacer posible la capacitación de enfermeras y enfermeros competentes para trabajar de forma autónoma y responsable. 
La asignatura Estancias Clínicas II, permite continuar el contacto supervisado, controlado y debidamente gestionado, con esta función asistencial. Así, el alumnado recibe una formación específica de cuidados aplicados a los servicios especializados y posteriormente realiza las actividades en las diferentes unidades de acuerdo con los conocimientos que ha ido incorporando a lo largo de los periodos de docencia y de prácticas para adquirir las habilidades propias de enfermería en bloques quirúrgicos y en servicios especiales.
En esta asignatura se realizan dos bloques de prácticas en los siguientes servicios: bloque quirúrgico y servicios de cuidados especiales (uno de los siguientes: UCI, Urgencias).
Toda la información requerida por el alumnado en relación con las prácticas asistenciales la puede obtener del manual de prácticas externas curriculares en el siguiente enlace https://fcs.unizar.es/grado-en-enfermeria-0#overlay-context=
El 26 de junio de 2015 se firma el acuerdo de colaboración entre el Departamento de Sanidad, Bienestar Social y Familia y la Universidad de Zaragoza, para efectuar la mayor protección y la mejor atención posible a los estudiantes que hayan sufrido una exposición a material biológico como consecuencia de su actividad durante el periodo de prácticas      https://fcs.unizar.es/sites/fcs.unizar.es/files/users/abgalvan/conv9719-1.pdf 
y se publica el protocolo de actuación con las especificaciones a llevar a cabo ante estas situaciones
 https://fcs.unizar.es/grado-en-enfermeria-0#overlay-context=
El B.O.E nº 31 de 6 de febrero de 2017 publica la Orden SSI/81/2017, de 19 de enero, por la que se explicita el Acuerdo de la Comisión de Recursos Humanos del Sistema Nacional de Salud, por el que se aprueba el protocolo mediante el que se determinan pautas básicas destinadas a asegurar y proteger el derecho a la intimidad del paciente por los alumnos y residentes en Ciencias de la Salud.
           </subfield>
        </datafield>
        <datafield tag="521" ind1=" " ind2=" ">
            <subfield code="9">101</subfield>
            <subfield code="a">Graduado en Enfermería</subfield>
            <subfield code="b">Degree in Nursing</subfield>
        </datafield>
        <datafield tag="540" ind1=" " ind2=" ">
            <subfield code="a">by-nc-sa</subfield>
            <subfield code="b">Creative Commons</subfield>
            <subfield code="c">3.0</subfield>
            <subfield code="u">http://creativecommons.org/licenses/by-nc-sa/3.0/</subfield>
        </datafield>
        <datafield tag="700" ind1=" " ind2=" ">
            <subfield code="0">''</subfield>
            <subfield code="1">391264</subfield>
            <subfield code="a">MARÍA TERESA ACÍN, MIGUEL</subfield>
        </datafield>
        <datafield tag="700" ind1=" " ind2=" ">
            <subfield code="0">''</subfield>
            <subfield code="1">107227</subfield>
            <subfield code="a">MARÍA TERESA AGUAS, ANAUT</subfield>
        </datafield>
        <datafield tag="700" ind1=" " ind2=" ">
            <subfield code="0">''</subfield>
            <subfield code="1">107227</subfield>
            <subfield code="a">MARÍA TERESA AGUAS, ANAUT</subfield>
        </datafield>
        <datafield tag="700" ind1=" " ind2=" ">
            <subfield code="0">''</subfield>
            <subfield code="1">386516</subfield>
            <subfield code="a">BLANCA NIEVES ALVAREZ, RUIZ</subfield>
        </datafield>
        <datafield tag="700" ind1=" " ind2=" ">
            <subfield code="0">''</subfield>
            <subfield code="1">386516</subfield>
            <subfield code="a">BLANCA NIEVES ALVAREZ, RUIZ</subfield>
        </datafield>
        <datafield tag="700" ind1=" " ind2=" ">
            <subfield code="0">''</subfield>
            <subfield code="1">220952</subfield>
            <subfield code="a">ANA CRISTINA ÁLVAREZ, HERNÁNDEZ</subfield>
        </datafield>
        <datafield tag="700" ind1=" " ind2=" ">
            <subfield code="0">''</subfield>
            <subfield code="1">220952</subfield>
            <subfield code="a">ANA CRISTINA ÁLVAREZ, HERNÁNDEZ</subfield>
        </datafield>
        <datafield tag="700" ind1=" " ind2=" ">
            <subfield code="0">''</subfield>
            <subfield code="1">507393</subfield>
            <subfield code="a">JUAN CARLOS ARIZA, LAHUERTA</subfield>
        </datafield>
        <datafield tag="700" ind1=" " ind2=" ">
            <subfield code="0">''</subfield>
            <subfield code="1">507393</subfield>
            <subfield code="a">JUAN CARLOS ARIZA, LAHUERTA</subfield>
        </datafield>
        <datafield tag="700" ind1=" " ind2=" ">
            <subfield code="0">''</subfield>
            <subfield code="1">391183</subfield>
            <subfield code="a">MARÍA ELENA ARRIETA, HIGUERAS</subfield>
        </datafield>
        <datafield tag="700" ind1=" " ind2=" ">
            <subfield code="0">''</subfield>
            <subfield code="1">391183</subfield>
            <subfield code="a">MARÍA ELENA ARRIETA, HIGUERAS</subfield>
        </datafield>
        <datafield tag="700" ind1=" " ind2=" ">
            <subfield code="0">''</subfield>
            <subfield code="1">390254</subfield>
            <subfield code="a">ELENA ARRILLAGA, GÓMEZ</subfield>
        </datafield>
        <datafield tag="700" ind1=" " ind2=" ">
            <subfield code="0">''</subfield>
            <subfield code="1">390254</subfield>
            <subfield code="a">ELENA ARRILLAGA, GÓMEZ</subfield>
        </datafield>
        <datafield tag="700" ind1=" " ind2=" ">
            <subfield code="0">''</subfield>
            <subfield code="1">304457</subfield>
            <subfield code="a">MARÍA CARMEN ASENSIO, MANERO</subfield>
        </datafield>
        <datafield tag="700" ind1=" " ind2=" ">
            <subfield code="0">''</subfield>
            <subfield code="1">304457</subfield>
            <subfield code="a">MARÍA CARMEN ASENSIO, MANERO</subfield>
        </datafield>
        <datafield tag="700" ind1=" " ind2=" ">
            <subfield code="0">''</subfield>
            <subfield code="1">391603</subfield>
            <subfield code="a">María Blanca Aznar, Buil</subfield>
        </datafield>
        <datafield tag="700" ind1=" " ind2=" ">
            <subfield code="0">''</subfield>
            <subfield code="1">391603</subfield>
            <subfield code="a">María Blanca Aznar, Buil</subfield>
        </datafield>
        <datafield tag="700" ind1=" " ind2=" ">
            <subfield code="0">''</subfield>
            <subfield code="1">387171</subfield>
            <subfield code="a">MARÍA DOLORES GUADALUPE AZÚA, BLANCO</subfield>
        </datafield>
        <datafield tag="700" ind1=" " ind2=" ">
            <subfield code="0">''</subfield>
            <subfield code="1">387171</subfield>
            <subfield code="a">MARÍA DOLORES GUADALUPE AZÚA, BLANCO</subfield>
        </datafield>
        <datafield tag="700" ind1=" " ind2=" ">
            <subfield code="0">''</subfield>
            <subfield code="1">520401</subfield>
            <subfield code="a">GLORIA BARA, MACHÍN</subfield>
        </datafield>
        <datafield tag="700" ind1=" " ind2=" ">
            <subfield code="0">''</subfield>
            <subfield code="1">520401</subfield>
            <subfield code="a">GLORIA BARA, MACHÍN</subfield>
        </datafield>
        <datafield tag="700" ind1=" " ind2=" ">
            <subfield code="0">(orcid)0000-0003-4536-656X</subfield>
            <subfield code="1">319391</subfield>
            <subfield code="a">MARÍA JESÚS BARRADO, NARVIÓN</subfield>
        </datafield>
        <datafield tag="700" ind1=" " ind2=" ">
            <subfield code="0">(orcid)0000-0003-4536-656X</subfield>
            <subfield code="1">319391</subfield>
            <subfield code="a">MARÍA JESÚS BARRADO, NARVIÓN</subfield>
        </datafield>
        <datafield tag="700" ind1=" " ind2=" ">
            <subfield code="0">''</subfield>
            <subfield code="1">507020</subfield>
            <subfield code="a">MARÍA LUISA BASELGA, MARTÍN</subfield>
        </datafield>
        <datafield tag="700" ind1=" " ind2=" ">
            <subfield code="0">''</subfield>
            <subfield code="1">507020</subfield>
            <subfield code="a">MARÍA LUISA BASELGA, MARTÍN</subfield>
        </datafield>
        <datafield tag="700" ind1=" " ind2=" ">
            <subfield code="0">''</subfield>
            <subfield code="1">362725</subfield>
            <subfield code="a">MARIA CARMEN BECERRIL, GERMAN</subfield>
        </datafield>
        <datafield tag="700" ind1=" " ind2=" ">
            <subfield code="0">''</subfield>
            <subfield code="1">362725</subfield>
            <subfield code="a">MARIA CARMEN BECERRIL, GERMAN</subfield>
        </datafield>
        <datafield tag="700" ind1=" " ind2=" ">
            <subfield code="0">''</subfield>
            <subfield code="1">412102</subfield>
            <subfield code="a">MARÍA ESTHER BENITO, TOMÁS</subfield>
        </datafield>
        <datafield tag="700" ind1=" " ind2=" ">
            <subfield code="0">''</subfield>
            <subfield code="1">412102</subfield>
            <subfield code="a">MARÍA ESTHER BENITO, TOMÁS</subfield>
        </datafield>
        <datafield tag="700" ind1=" " ind2=" ">
            <subfield code="0">''</subfield>
            <subfield code="1">391470</subfield>
            <subfield code="a">Blanca Bescós, García</subfield>
        </datafield>
        <datafield tag="700" ind1=" " ind2=" ">
            <subfield code="0">''</subfield>
            <subfield code="1">391470</subfield>
            <subfield code="a">Blanca Bescós, García</subfield>
        </datafield>
        <datafield tag="700" ind1=" " ind2=" ">
            <subfield code="0">''</subfield>
            <subfield code="1">520843</subfield>
            <subfield code="a">ANA MARIA BLASCO, SORO</subfield>
        </datafield>
        <datafield tag="700" ind1=" " ind2=" ">
            <subfield code="0">''</subfield>
            <subfield code="1">520843</subfield>
            <subfield code="a">ANA MARIA BLASCO, SORO</subfield>
        </datafield>
        <datafield tag="700" ind1=" " ind2=" ">
            <subfield code="0">''</subfield>
            <subfield code="1">390898</subfield>
            <subfield code="a">MARÍA CARMEN BRUN, SOTERAS</subfield>
        </datafield>
        <datafield tag="700" ind1=" " ind2=" ">
            <subfield code="0">''</subfield>
            <subfield code="1">390898</subfield>
            <subfield code="a">MARÍA CARMEN BRUN, SOTERAS</subfield>
        </datafield>
        <datafield tag="700" ind1=" " ind2=" ">
            <subfield code="0">''</subfield>
            <subfield code="1">391467</subfield>
            <subfield code="a">María Pilar Buil, Calvo</subfield>
        </datafield>
        <datafield tag="700" ind1=" " ind2=" ">
            <subfield code="0">''</subfield>
            <subfield code="1">391467</subfield>
            <subfield code="a">María Pilar Buil, Calvo</subfield>
        </datafield>
        <datafield tag="700" ind1=" " ind2=" ">
            <subfield code="0">''</subfield>
            <subfield code="1">200281</subfield>
            <subfield code="a">MARIA CARMEN BUISAN, FRANCO</subfield>
        </datafield>
        <datafield tag="700" ind1=" " ind2=" ">
            <subfield code="0">''</subfield>
            <subfield code="1">200281</subfield>
            <subfield code="a">MARIA CARMEN BUISAN, FRANCO</subfield>
        </datafield>
        <datafield tag="700" ind1=" " ind2=" ">
            <subfield code="0">''</subfield>
            <subfield code="1">404964</subfield>
            <subfield code="a">MARIA JOSE BUJEDA, CAVERO</subfield>
        </datafield>
        <datafield tag="700" ind1=" " ind2=" ">
            <subfield code="0">''</subfield>
            <subfield code="1">404964</subfield>
            <subfield code="a">MARIA JOSE BUJEDA, CAVERO</subfield>
        </datafield>
        <datafield tag="700" ind1=" " ind2=" ">
            <subfield code="0">(orcid)0000-0001-6132-2183</subfield>
            <subfield code="1">389299</subfield>
            <subfield code="a">Mª MONTSERRAT CABRE, VERDU</subfield>
        </datafield>
        <datafield tag="700" ind1=" " ind2=" ">
            <subfield code="0">(orcid)0000-0001-6132-2183</subfield>
            <subfield code="1">389299</subfield>
            <subfield code="a">Mª MONTSERRAT CABRE, VERDU</subfield>
        </datafield>
        <datafield tag="700" ind1=" " ind2=" ">
            <subfield code="0">''</subfield>
            <subfield code="1">664562</subfield>
            <subfield code="a">MARÍA BEATRIZ CALVO, SÁNCHEZ</subfield>
        </datafield>
        <datafield tag="700" ind1=" " ind2=" ">
            <subfield code="0">''</subfield>
            <subfield code="1">664562</subfield>
            <subfield code="a">MARÍA BEATRIZ CALVO, SÁNCHEZ</subfield>
        </datafield>
        <datafield tag="700" ind1=" " ind2=" ">
            <subfield code="0">''</subfield>
            <subfield code="1">481145</subfield>
            <subfield code="a">MARIA ANGELES CAMACHO, BALLANO</subfield>
        </datafield>
        <datafield tag="700" ind1=" " ind2=" ">
            <subfield code="0">''</subfield>
            <subfield code="1">481145</subfield>
            <subfield code="a">MARIA ANGELES CAMACHO, BALLANO</subfield>
        </datafield>
        <datafield tag="700" ind1=" " ind2=" ">
            <subfield code="0">''</subfield>
            <subfield code="1">364130</subfield>
            <subfield code="a">MARÍA DEL CARMEN CARRIÓN, MARCO</subfield>
        </datafield>
        <datafield tag="700" ind1=" " ind2=" ">
            <subfield code="0">''</subfield>
            <subfield code="1">364130</subfield>
            <subfield code="a">MARÍA DEL CARMEN CARRIÓN, MARCO</subfield>
        </datafield>
        <datafield tag="700" ind1=" " ind2=" ">
            <subfield code="0">''</subfield>
            <subfield code="1">742178</subfield>
            <subfield code="a">ANA Mª CASBAS, BIARGE</subfield>
        </datafield>
        <datafield tag="700" ind1=" " ind2=" ">
            <subfield code="0">''</subfield>
            <subfield code="1">742178</subfield>
            <subfield code="a">ANA Mª CASBAS, BIARGE</subfield>
        </datafield>
        <datafield tag="700" ind1=" " ind2=" ">
            <subfield code="0">''</subfield>
            <subfield code="1">388169</subfield>
            <subfield code="a">MARIA PILAR CASCÁN, HERREROS</subfield>
        </datafield>
        <datafield tag="700" ind1=" " ind2=" ">
            <subfield code="0">''</subfield>
            <subfield code="1">388169</subfield>
            <subfield code="a">MARIA PILAR CASCÁN, HERREROS</subfield>
        </datafield>
        <datafield tag="700" ind1=" " ind2=" ">
            <subfield code="0">''</subfield>
            <subfield code="1">139497</subfield>
            <subfield code="a">MARÍA ROCÍO ISIDRA CONCHA, GUERRERO</subfield>
        </datafield>
        <datafield tag="700" ind1=" " ind2=" ">
            <subfield code="0">''</subfield>
            <subfield code="1">139497</subfield>
            <subfield code="a">MARÍA ROCÍO ISIDRA CONCHA, GUERRERO</subfield>
        </datafield>
        <datafield tag="700" ind1=" " ind2=" ">
            <subfield code="0">''</subfield>
            <subfield code="1">391068</subfield>
            <subfield code="a">MARÍA TERESA DÍAZ DE FIGUEROA, Y DÍAZ</subfield>
        </datafield>
        <datafield tag="700" ind1=" " ind2=" ">
            <subfield code="0">''</subfield>
            <subfield code="1">391068</subfield>
            <subfield code="a">MARÍA TERESA DÍAZ DE FIGUEROA, Y DÍAZ</subfield>
        </datafield>
        <datafield tag="700" ind1=" " ind2=" ">
            <subfield code="0">''</subfield>
            <subfield code="1">391532</subfield>
            <subfield code="a">María Begoña Domínguez, Sanz</subfield>
        </datafield>
        <datafield tag="700" ind1=" " ind2=" ">
            <subfield code="0">''</subfield>
            <subfield code="1">391532</subfield>
            <subfield code="a">María Begoña Domínguez, Sanz</subfield>
        </datafield>
        <datafield tag="700" ind1=" " ind2=" ">
            <subfield code="0">''</subfield>
            <subfield code="1">700074</subfield>
            <subfield code="a">MONICA ESPEJO, LORENTE</subfield>
        </datafield>
        <datafield tag="700" ind1=" " ind2=" ">
            <subfield code="0">''</subfield>
            <subfield code="1">700074</subfield>
            <subfield code="a">MONICA ESPEJO, LORENTE</subfield>
        </datafield>
        <datafield tag="700" ind1=" " ind2=" ">
            <subfield code="0">''</subfield>
            <subfield code="1">364637</subfield>
            <subfield code="a">ANA CRISTINA FERNÁNDEZ, MUR</subfield>
        </datafield>
        <datafield tag="700" ind1=" " ind2=" ">
            <subfield code="0">''</subfield>
            <subfield code="1">364637</subfield>
            <subfield code="a">ANA CRISTINA FERNÁNDEZ, MUR</subfield>
        </datafield>
        <datafield tag="700" ind1=" " ind2=" ">
            <subfield code="0">(orcid)0000-0003-4926-7366</subfield>
            <subfield code="1">621700</subfield>
            <subfield code="a">MARÍA REYES FERNÁNDEZ, GONZÁLEZ</subfield>
        </datafield>
        <datafield tag="700" ind1=" " ind2=" ">
            <subfield code="0">(orcid)0000-0003-4926-7366</subfield>
            <subfield code="1">621700</subfield>
            <subfield code="a">MARÍA REYES FERNÁNDEZ, GONZÁLEZ</subfield>
        </datafield>
        <datafield tag="700" ind1=" " ind2=" ">
            <subfield code="0">''</subfield>
            <subfield code="1">412125</subfield>
            <subfield code="a">EMILIA FERRER, LOPEZ</subfield>
        </datafield>
        <datafield tag="700" ind1=" " ind2=" ">
            <subfield code="0">''</subfield>
            <subfield code="1">412125</subfield>
            <subfield code="a">EMILIA FERRER, LOPEZ</subfield>
        </datafield>
        <datafield tag="700" ind1=" " ind2=" ">
            <subfield code="0">''</subfield>
            <subfield code="1">200787</subfield>
            <subfield code="a">EVELÍN FLORENTÍN, OSTÁRIZ</subfield>
        </datafield>
        <datafield tag="700" ind1=" " ind2=" ">
            <subfield code="0">''</subfield>
            <subfield code="1">200787</subfield>
            <subfield code="a">EVELÍN FLORENTÍN, OSTÁRIZ</subfield>
        </datafield>
        <datafield tag="700" ind1=" " ind2=" ">
            <subfield code="0">''</subfield>
            <subfield code="1">386475</subfield>
            <subfield code="a">MARÍA DE LOS DESAMPARADOS FORÉS, CATALÁ</subfield>
        </datafield>
        <datafield tag="700" ind1=" " ind2=" ">
            <subfield code="0">''</subfield>
            <subfield code="1">386475</subfield>
            <subfield code="a">MARÍA DE LOS DESAMPARADOS FORÉS, CATALÁ</subfield>
        </datafield>
        <datafield tag="700" ind1=" " ind2=" ">
            <subfield code="0">''</subfield>
            <subfield code="1">391606</subfield>
            <subfield code="a">Marina Francés, Pinilla</subfield>
        </datafield>
        <datafield tag="700" ind1=" " ind2=" ">
            <subfield code="0">''</subfield>
            <subfield code="1">391606</subfield>
            <subfield code="a">Marina Francés, Pinilla</subfield>
        </datafield>
        <datafield tag="700" ind1=" " ind2=" ">
            <subfield code="0">''</subfield>
            <subfield code="1">387347</subfield>
            <subfield code="a">MARIA DOLORES GARCIA, GUIA</subfield>
        </datafield>
        <datafield tag="700" ind1=" " ind2=" ">
            <subfield code="0">''</subfield>
            <subfield code="1">424827</subfield>
            <subfield code="a">MARIA SUSANA GARCIA, BUESA</subfield>
        </datafield>
        <datafield tag="700" ind1=" " ind2=" ">
            <subfield code="0">''</subfield>
            <subfield code="1">387347</subfield>
            <subfield code="a">MARIA DOLORES GARCIA, GUIA</subfield>
        </datafield>
        <datafield tag="700" ind1=" " ind2=" ">
            <subfield code="0">''</subfield>
            <subfield code="1">424827</subfield>
            <subfield code="a">MARIA SUSANA GARCIA, BUESA</subfield>
        </datafield>
        <datafield tag="700" ind1=" " ind2=" ">
            <subfield code="0">''</subfield>
            <subfield code="1">407292</subfield>
            <subfield code="a">MIGUEL ÁNGEL GARCÍA, MARTÍNEZ</subfield>
        </datafield>
        <datafield tag="700" ind1=" " ind2=" ">
            <subfield code="0">''</subfield>
            <subfield code="1">390632</subfield>
            <subfield code="a">MARÍA DEL PILAR GARCÍA, DOMINGO</subfield>
        </datafield>
        <datafield tag="700" ind1=" " ind2=" ">
            <subfield code="0">''</subfield>
            <subfield code="1">407292</subfield>
            <subfield code="a">MIGUEL ÁNGEL GARCÍA, MARTÍNEZ</subfield>
        </datafield>
        <datafield tag="700" ind1=" " ind2=" ">
            <subfield code="0">''</subfield>
            <subfield code="1">391093</subfield>
            <subfield code="a">MARÍA MERCEDES GARCÍA, ENTRENA</subfield>
        </datafield>
        <datafield tag="700" ind1=" " ind2=" ">
            <subfield code="0">''</subfield>
            <subfield code="1">390632</subfield>
            <subfield code="a">MARÍA DEL PILAR GARCÍA, DOMINGO</subfield>
        </datafield>
        <datafield tag="700" ind1=" " ind2=" ">
            <subfield code="0">''</subfield>
            <subfield code="1">391093</subfield>
            <subfield code="a">MARÍA MERCEDES GARCÍA, ENTRENA</subfield>
        </datafield>
        <datafield tag="700" ind1=" " ind2=" ">
            <subfield code="0">''</subfield>
            <subfield code="1">571490</subfield>
            <subfield code="a">MARÍA ROSARIO GARIJO, CÁMARA</subfield>
        </datafield>
        <datafield tag="700" ind1=" " ind2=" ">
            <subfield code="0">''</subfield>
            <subfield code="1">571490</subfield>
            <subfield code="a">MARÍA ROSARIO GARIJO, CÁMARA</subfield>
        </datafield>
        <datafield tag="700" ind1=" " ind2=" ">
            <subfield code="0">''</subfield>
            <subfield code="1">387324</subfield>
            <subfield code="a">OLGA PURIFICACIÓN GASCA, ANDREU</subfield>
        </datafield>
        <datafield tag="700" ind1=" " ind2=" ">
            <subfield code="0">''</subfield>
            <subfield code="1">387324</subfield>
            <subfield code="a">OLGA PURIFICACIÓN GASCA, ANDREU</subfield>
        </datafield>
        <datafield tag="700" ind1=" " ind2=" ">
            <subfield code="0">''</subfield>
            <subfield code="1">200611</subfield>
            <subfield code="a">MARÍA MERCEDES GÓMEZ, BORAO</subfield>
        </datafield>
        <datafield tag="700" ind1=" " ind2=" ">
            <subfield code="0">''</subfield>
            <subfield code="1">200611</subfield>
            <subfield code="a">MARÍA MERCEDES GÓMEZ, BORAO</subfield>
        </datafield>
        <datafield tag="700" ind1=" " ind2=" ">
            <subfield code="0">(orcid)0000-0002-5219-2118</subfield>
            <subfield code="1">116183</subfield>
            <subfield code="a">MILAGROS GONZÁLEZ, GARCÍA</subfield>
        </datafield>
        <datafield tag="700" ind1=" " ind2=" ">
            <subfield code="0">(orcid)0000-0002-5219-2118</subfield>
            <subfield code="1">116183</subfield>
            <subfield code="a">MILAGROS GONZÁLEZ, GARCÍA</subfield>
        </datafield>
        <datafield tag="700" ind1=" " ind2=" ">
            <subfield code="0">''</subfield>
            <subfield code="1">390618</subfield>
            <subfield code="a">MARÍA FLORENCIA GONZALO, LOZANO</subfield>
        </datafield>
        <datafield tag="700" ind1=" " ind2=" ">
            <subfield code="0">''</subfield>
            <subfield code="1">390618</subfield>
            <subfield code="a">MARÍA FLORENCIA GONZALO, LOZANO</subfield>
        </datafield>
        <datafield tag="700" ind1=" " ind2=" ">
            <subfield code="0">''</subfield>
            <subfield code="1">386746</subfield>
            <subfield code="a">FERNANDO GRACIA, ECHEVERRÍA</subfield>
        </datafield>
        <datafield tag="700" ind1=" " ind2=" ">
            <subfield code="0">''</subfield>
            <subfield code="1">145046</subfield>
            <subfield code="a">MARIA TERESA GRACIA, PELIGERO</subfield>
        </datafield>
        <datafield tag="700" ind1=" " ind2=" ">
            <subfield code="0">''</subfield>
            <subfield code="1">126074</subfield>
            <subfield code="a">FERNANDO LUIS GRACIA, FEDERIO</subfield>
        </datafield>
        <datafield tag="700" ind1=" " ind2=" ">
            <subfield code="0">''</subfield>
            <subfield code="1">386746</subfield>
            <subfield code="a">FERNANDO GRACIA, ECHEVERRÍA</subfield>
        </datafield>
        <datafield tag="700" ind1=" " ind2=" ">
            <subfield code="0">''</subfield>
            <subfield code="1">145046</subfield>
            <subfield code="a">MARIA TERESA GRACIA, PELIGERO</subfield>
        </datafield>
        <datafield tag="700" ind1=" " ind2=" ">
            <subfield code="0">''</subfield>
            <subfield code="1">126074</subfield>
            <subfield code="a">FERNANDO LUIS GRACIA, FEDERIO</subfield>
        </datafield>
        <datafield tag="700" ind1=" " ind2=" ">
            <subfield code="0">''</subfield>
            <subfield code="1">676424</subfield>
            <subfield code="a">MARÍA PILAR GRACIA, GRACIA</subfield>
        </datafield>
        <datafield tag="700" ind1=" " ind2=" ">
            <subfield code="0">''</subfield>
            <subfield code="1">676424</subfield>
            <subfield code="a">MARÍA PILAR GRACIA, GRACIA</subfield>
        </datafield>
        <datafield tag="700" ind1=" " ind2=" ">
            <subfield code="0">''</subfield>
            <subfield code="1">762890</subfield>
            <subfield code="a">MARIA PILAR GRAJERA, SANCHEZ</subfield>
        </datafield>
        <datafield tag="700" ind1=" " ind2=" ">
            <subfield code="0">''</subfield>
            <subfield code="1">762890</subfield>
            <subfield code="a">MARIA PILAR GRAJERA, SANCHEZ</subfield>
        </datafield>
        <datafield tag="700" ind1=" " ind2=" ">
            <subfield code="0">''</subfield>
            <subfield code="1">354126</subfield>
            <subfield code="a">MARÍA CARMEN GRASA, RODRIGO</subfield>
        </datafield>
        <datafield tag="700" ind1=" " ind2=" ">
            <subfield code="0">''</subfield>
            <subfield code="1">354126</subfield>
            <subfield code="a">MARÍA CARMEN GRASA, RODRIGO</subfield>
        </datafield>
        <datafield tag="700" ind1=" " ind2=" ">
            <subfield code="0">''</subfield>
            <subfield code="1">201455</subfield>
            <subfield code="a">SONIA ELENA GREGORIO, GONZÁLEZ</subfield>
        </datafield>
        <datafield tag="700" ind1=" " ind2=" ">
            <subfield code="0">''</subfield>
            <subfield code="1">201455</subfield>
            <subfield code="a">SONIA ELENA GREGORIO, GONZÁLEZ</subfield>
        </datafield>
        <datafield tag="700" ind1=" " ind2=" ">
            <subfield code="0">(orcid)0000-0001-5950-1588</subfield>
            <subfield code="1">389256</subfield>
            <subfield code="a">Mª. CARMEN JARQUE, PALOMO</subfield>
        </datafield>
        <datafield tag="700" ind1=" " ind2=" ">
            <subfield code="0">(orcid)0000-0001-5950-1588</subfield>
            <subfield code="1">389256</subfield>
            <subfield code="a">Mª. CARMEN JARQUE, PALOMO</subfield>
        </datafield>
        <datafield tag="700" ind1=" " ind2=" ">
            <subfield code="0">''</subfield>
            <subfield code="1">385699</subfield>
            <subfield code="a">ISABEL JIMÉNEZ, LECUMBERRI</subfield>
        </datafield>
        <datafield tag="700" ind1=" " ind2=" ">
            <subfield code="0">''</subfield>
            <subfield code="1">385699</subfield>
            <subfield code="a">ISABEL JIMÉNEZ, LECUMBERRI</subfield>
        </datafield>
        <datafield tag="700" ind1=" " ind2=" ">
            <subfield code="0">''</subfield>
            <subfield code="1">385757</subfield>
            <subfield code="a">MARÍA IGNACÍA JORDÁN, GIL</subfield>
        </datafield>
        <datafield tag="700" ind1=" " ind2=" ">
            <subfield code="0">''</subfield>
            <subfield code="1">385757</subfield>
            <subfield code="a">MARÍA IGNACÍA JORDÁN, GIL</subfield>
        </datafield>
        <datafield tag="700" ind1=" " ind2=" ">
            <subfield code="0">''</subfield>
            <subfield code="1">387330</subfield>
            <subfield code="a">MARÍA DEL CARMEN ASUNCIÓN JOSA, FORNIÉS</subfield>
        </datafield>
        <datafield tag="700" ind1=" " ind2=" ">
            <subfield code="0">''</subfield>
            <subfield code="1">387330</subfield>
            <subfield code="a">MARÍA DEL CARMEN ASUNCIÓN JOSA, FORNIÉS</subfield>
        </datafield>
        <datafield tag="700" ind1=" " ind2=" ">
            <subfield code="0">''</subfield>
            <subfield code="1">391166</subfield>
            <subfield code="a">ROSARIO JUANA, RAMÓN</subfield>
        </datafield>
        <datafield tag="700" ind1=" " ind2=" ">
            <subfield code="0">''</subfield>
            <subfield code="1">391166</subfield>
            <subfield code="a">ROSARIO JUANA, RAMÓN</subfield>
        </datafield>
        <datafield tag="700" ind1=" " ind2=" ">
            <subfield code="0">''</subfield>
            <subfield code="1">391182</subfield>
            <subfield code="a">BELÉN JUEZ, GARCÍA</subfield>
        </datafield>
        <datafield tag="700" ind1=" " ind2=" ">
            <subfield code="0">''</subfield>
            <subfield code="1">391182</subfield>
            <subfield code="a">BELÉN JUEZ, GARCÍA</subfield>
        </datafield>
        <datafield tag="700" ind1=" " ind2=" ">
            <subfield code="0">''</subfield>
            <subfield code="1">386763</subfield>
            <subfield code="a">MIGUEL ANGEL LABARA, SANJUAN</subfield>
        </datafield>
        <datafield tag="700" ind1=" " ind2=" ">
            <subfield code="0">''</subfield>
            <subfield code="1">386763</subfield>
            <subfield code="a">MIGUEL ANGEL LABARA, SANJUAN</subfield>
        </datafield>
        <datafield tag="700" ind1=" " ind2=" ">
            <subfield code="0">''</subfield>
            <subfield code="1">391608</subfield>
            <subfield code="a">Jesús Labat, Alcubierre</subfield>
        </datafield>
        <datafield tag="700" ind1=" " ind2=" ">
            <subfield code="0">''</subfield>
            <subfield code="1">391608</subfield>
            <subfield code="a">Jesús Labat, Alcubierre</subfield>
        </datafield>
        <datafield tag="700" ind1=" " ind2=" ">
            <subfield code="0">(orcid)0000-0002-2513-625X</subfield>
            <subfield code="1">201252</subfield>
            <subfield code="a">JESÚS PABLO LAFUENTE, GARCÍA</subfield>
        </datafield>
        <datafield tag="700" ind1=" " ind2=" ">
            <subfield code="0">(orcid)0000-0002-2513-625X</subfield>
            <subfield code="1">201252</subfield>
            <subfield code="a">JESÚS PABLO LAFUENTE, GARCÍA</subfield>
        </datafield>
        <datafield tag="700" ind1=" " ind2=" ">
            <subfield code="0">''</subfield>
            <subfield code="1">604751</subfield>
            <subfield code="a">MARÍA CARMEN LAITA, ZARCA</subfield>
        </datafield>
        <datafield tag="700" ind1=" " ind2=" ">
            <subfield code="0">''</subfield>
            <subfield code="1">604751</subfield>
            <subfield code="a">MARÍA CARMEN LAITA, ZARCA</subfield>
        </datafield>
        <datafield tag="700" ind1=" " ind2=" ">
            <subfield code="0">(orcid)0000-0002-2121-6703</subfield>
            <subfield code="1">389303</subfield>
            <subfield code="a">MARIA ESTHER LANUZA, USIETO</subfield>
        </datafield>
        <datafield tag="700" ind1=" " ind2=" ">
            <subfield code="0">(orcid)0000-0002-2121-6703</subfield>
            <subfield code="1">389303</subfield>
            <subfield code="a">MARIA ESTHER LANUZA, USIETO</subfield>
        </datafield>
        <datafield tag="700" ind1=" " ind2=" ">
            <subfield code="0">''</subfield>
            <subfield code="1">700080</subfield>
            <subfield code="a">ESTELA MARIA LOPEZ, PANO</subfield>
        </datafield>
        <datafield tag="700" ind1=" " ind2=" ">
            <subfield code="0">''</subfield>
            <subfield code="1">700080</subfield>
            <subfield code="a">ESTELA MARIA LOPEZ, PANO</subfield>
        </datafield>
        <datafield tag="700" ind1=" " ind2=" ">
            <subfield code="0">''</subfield>
            <subfield code="1">390487</subfield>
            <subfield code="a">SARA MARÍA LÓPEZ, MARTÍNEZ</subfield>
        </datafield>
        <datafield tag="700" ind1=" " ind2=" ">
            <subfield code="0">''</subfield>
            <subfield code="1">130689</subfield>
            <subfield code="a">MANUEL LÓPEZ, GRANADA</subfield>
        </datafield>
        <datafield tag="700" ind1=" " ind2=" ">
            <subfield code="0">''</subfield>
            <subfield code="1">130689</subfield>
            <subfield code="a">MANUEL LÓPEZ, GRANADA</subfield>
        </datafield>
        <datafield tag="700" ind1=" " ind2=" ">
            <subfield code="0">''</subfield>
            <subfield code="1">390494</subfield>
            <subfield code="a">MARÍA CONCEPCIÓN LÓPEZ, LACASTA</subfield>
        </datafield>
        <datafield tag="700" ind1=" " ind2=" ">
            <subfield code="0">''</subfield>
            <subfield code="1">390494</subfield>
            <subfield code="a">MARÍA CONCEPCIÓN LÓPEZ, LACASTA</subfield>
        </datafield>
        <datafield tag="700" ind1=" " ind2=" ">
            <subfield code="0">''</subfield>
            <subfield code="1">390487</subfield>
            <subfield code="a">SARA MARÍA LÓPEZ, MARTÍNEZ</subfield>
        </datafield>
        <datafield tag="700" ind1=" " ind2=" ">
            <subfield code="0">(orcid)0000-0003-2448-1630</subfield>
            <subfield code="1">664569</subfield>
            <subfield code="a">MARÍA LUISA LOZANO, DEL HOYO</subfield>
        </datafield>
        <datafield tag="700" ind1=" " ind2=" ">
            <subfield code="0">(orcid)0000-0003-2448-1630</subfield>
            <subfield code="1">664569</subfield>
            <subfield code="a">MARÍA LUISA LOZANO, DEL HOYO</subfield>
        </datafield>
        <datafield tag="700" ind1=" " ind2=" ">
            <subfield code="0">''</subfield>
            <subfield code="1">201904</subfield>
            <subfield code="a">MARÍA DEL CARMEN LUNA, TORRES</subfield>
        </datafield>
        <datafield tag="700" ind1=" " ind2=" ">
            <subfield code="0">''</subfield>
            <subfield code="1">201904</subfield>
            <subfield code="a">MARÍA DEL CARMEN LUNA, TORRES</subfield>
        </datafield>
        <datafield tag="700" ind1=" " ind2=" ">
            <subfield code="0">''</subfield>
            <subfield code="1">200715</subfield>
            <subfield code="a">MARIA PAZ MAINER, SANMARTIN</subfield>
        </datafield>
        <datafield tag="700" ind1=" " ind2=" ">
            <subfield code="0">''</subfield>
            <subfield code="1">362172</subfield>
            <subfield code="a">PILAR NATIVIDAD MAINER, PEREZ</subfield>
        </datafield>
        <datafield tag="700" ind1=" " ind2=" ">
            <subfield code="0">''</subfield>
            <subfield code="1">362172</subfield>
            <subfield code="a">PILAR NATIVIDAD MAINER, PEREZ</subfield>
        </datafield>
        <datafield tag="700" ind1=" " ind2=" ">
            <subfield code="0">''</subfield>
            <subfield code="1">200715</subfield>
            <subfield code="a">MARIA PAZ MAINER, SANMARTIN</subfield>
        </datafield>
        <datafield tag="700" ind1=" " ind2=" ">
            <subfield code="0">''</subfield>
            <subfield code="1">186967</subfield>
            <subfield code="a">Mª PILAR MALLOR, BERNAD</subfield>
        </datafield>
        <datafield tag="700" ind1=" " ind2=" ">
            <subfield code="0">''</subfield>
            <subfield code="1">186967</subfield>
            <subfield code="a">Mª PILAR MALLOR, BERNAD</subfield>
        </datafield>
        <datafield tag="700" ind1=" " ind2=" ">
            <subfield code="0">''</subfield>
            <subfield code="1">306791</subfield>
            <subfield code="a">MARIA JOSE MARCO, NAVARRO</subfield>
        </datafield>
        <datafield tag="700" ind1=" " ind2=" ">
            <subfield code="0">''</subfield>
            <subfield code="1">306791</subfield>
            <subfield code="a">MARIA JOSE MARCO, NAVARRO</subfield>
        </datafield>
        <datafield tag="700" ind1=" " ind2=" ">
            <subfield code="0">''</subfield>
            <subfield code="1">361590</subfield>
            <subfield code="a">ANA CRISTINA MARÍN, VILLAR</subfield>
        </datafield>
        <datafield tag="700" ind1=" " ind2=" ">
            <subfield code="0">''</subfield>
            <subfield code="1">361590</subfield>
            <subfield code="a">ANA CRISTINA MARÍN, VILLAR</subfield>
        </datafield>
        <datafield tag="700" ind1=" " ind2=" ">
            <subfield code="0">''</subfield>
            <subfield code="1">187406</subfield>
            <subfield code="a">JULIA MARTIN, ROY</subfield>
        </datafield>
        <datafield tag="700" ind1=" " ind2=" ">
            <subfield code="0">''</subfield>
            <subfield code="1">187406</subfield>
            <subfield code="a">JULIA MARTIN, ROY</subfield>
        </datafield>
        <datafield tag="700" ind1=" " ind2=" ">
            <subfield code="0">''</subfield>
            <subfield code="1">455548</subfield>
            <subfield code="a">MARÍA MERCEDES MARTÍN, VALENCIANO</subfield>
        </datafield>
        <datafield tag="700" ind1=" " ind2=" ">
            <subfield code="0">''</subfield>
            <subfield code="1">455548</subfield>
            <subfield code="a">MARÍA MERCEDES MARTÍN, VALENCIANO</subfield>
        </datafield>
        <datafield tag="700" ind1=" " ind2=" ">
            <subfield code="0">''</subfield>
            <subfield code="1">443989</subfield>
            <subfield code="a">ANA MARTINEZ, IBAÑEZ</subfield>
        </datafield>
        <datafield tag="700" ind1=" " ind2=" ">
            <subfield code="0">''</subfield>
            <subfield code="1">304632</subfield>
            <subfield code="a">JOSE PEDRO MARTINEZ, CASBAS</subfield>
        </datafield>
        <datafield tag="700" ind1=" " ind2=" ">
            <subfield code="0">''</subfield>
            <subfield code="1">443989</subfield>
            <subfield code="a">ANA MARTINEZ, IBAÑEZ</subfield>
        </datafield>
        <datafield tag="700" ind1=" " ind2=" ">
            <subfield code="0">''</subfield>
            <subfield code="1">304632</subfield>
            <subfield code="a">JOSE PEDRO MARTINEZ, CASBAS</subfield>
        </datafield>
        <datafield tag="700" ind1=" " ind2=" ">
            <subfield code="0">''</subfield>
            <subfield code="1">391184</subfield>
            <subfield code="a">MARÍA PILAR MARTÍNEZ, MUÑOZ</subfield>
        </datafield>
        <datafield tag="700" ind1=" " ind2=" ">
            <subfield code="0">''</subfield>
            <subfield code="1">391184</subfield>
            <subfield code="a">MARÍA PILAR MARTÍNEZ, MUÑOZ</subfield>
        </datafield>
        <datafield tag="700" ind1=" " ind2=" ">
            <subfield code="0">(orcid)0000-0003-4061-9409</subfield>
            <subfield code="1">200342</subfield>
            <subfield code="a">YOLANDA MARTÍNEZ, SANTOS</subfield>
        </datafield>
        <datafield tag="700" ind1=" " ind2=" ">
            <subfield code="0">(orcid)0000-0003-4061-9409</subfield>
            <subfield code="1">200342</subfield>
            <subfield code="a">YOLANDA MARTÍNEZ, SANTOS</subfield>
        </datafield>
        <datafield tag="700" ind1=" " ind2=" ">
            <subfield code="0">''</subfield>
            <subfield code="1">390903</subfield>
            <subfield code="a">MARÍA LUISA MARZO, GARCÍA</subfield>
        </datafield>
        <datafield tag="700" ind1=" " ind2=" ">
            <subfield code="0">''</subfield>
            <subfield code="1">390903</subfield>
            <subfield code="a">MARÍA LUISA MARZO, GARCÍA</subfield>
        </datafield>
        <datafield tag="700" ind1=" " ind2=" ">
            <subfield code="0">(orcid)0000-0002-6797-2395</subfield>
            <subfield code="1">389306</subfield>
            <subfield code="a">MARIA LUISA MATA, BLASCO</subfield>
        </datafield>
        <datafield tag="700" ind1=" " ind2=" ">
            <subfield code="0">(orcid)0000-0002-6797-2395</subfield>
            <subfield code="1">389306</subfield>
            <subfield code="a">MARIA LUISA MATA, BLASCO</subfield>
        </datafield>
        <datafield tag="700" ind1=" " ind2=" ">
            <subfield code="0">''</subfield>
            <subfield code="1">310563</subfield>
            <subfield code="a">CRISTINA MENOYO, LOPEZ</subfield>
        </datafield>
        <datafield tag="700" ind1=" " ind2=" ">
            <subfield code="0">''</subfield>
            <subfield code="1">310563</subfield>
            <subfield code="a">CRISTINA MENOYO, LOPEZ</subfield>
        </datafield>
        <datafield tag="700" ind1=" " ind2=" ">
            <subfield code="0">''</subfield>
            <subfield code="1">391428</subfield>
            <subfield code="a">ANA MARÍA MILLÁN, LÓPEZ</subfield>
        </datafield>
        <datafield tag="700" ind1=" " ind2=" ">
            <subfield code="0">''</subfield>
            <subfield code="1">202137</subfield>
            <subfield code="a">ALBERTO MILLÁN, CASES</subfield>
        </datafield>
        <datafield tag="700" ind1=" " ind2=" ">
            <subfield code="0">''</subfield>
            <subfield code="1">391428</subfield>
            <subfield code="a">ANA MARÍA MILLÁN, LÓPEZ</subfield>
        </datafield>
        <datafield tag="700" ind1=" " ind2=" ">
            <subfield code="0">''</subfield>
            <subfield code="1">202137</subfield>
            <subfield code="a">ALBERTO MILLÁN, CASES</subfield>
        </datafield>
        <datafield tag="700" ind1=" " ind2=" ">
            <subfield code="0">''</subfield>
            <subfield code="1">391245</subfield>
            <subfield code="a">MARÍA DEL CARMEN MODREGO, MUÑOZ</subfield>
        </datafield>
        <datafield tag="700" ind1=" " ind2=" ">
            <subfield code="0">''</subfield>
            <subfield code="1">391245</subfield>
            <subfield code="a">MARÍA DEL CARMEN MODREGO, MUÑOZ</subfield>
        </datafield>
        <datafield tag="700" ind1=" " ind2=" ">
            <subfield code="0">''</subfield>
            <subfield code="1">584805</subfield>
            <subfield code="a">Ana María Monche, Palacín</subfield>
        </datafield>
        <datafield tag="700" ind1=" " ind2=" ">
            <subfield code="0">''</subfield>
            <subfield code="1">584805</subfield>
            <subfield code="a">Ana María Monche, Palacín</subfield>
        </datafield>
        <datafield tag="700" ind1=" " ind2=" ">
            <subfield code="0">''</subfield>
            <subfield code="1">391468</subfield>
            <subfield code="a">María Elena Monzón, Moreno</subfield>
        </datafield>
        <datafield tag="700" ind1=" " ind2=" ">
            <subfield code="0">''</subfield>
            <subfield code="1">391468</subfield>
            <subfield code="a">María Elena Monzón, Moreno</subfield>
        </datafield>
        <datafield tag="700" ind1=" " ind2=" ">
            <subfield code="0">''</subfield>
            <subfield code="1">391629</subfield>
            <subfield code="a">María Jesús Moreno, González</subfield>
        </datafield>
        <datafield tag="700" ind1=" " ind2=" ">
            <subfield code="0">''</subfield>
            <subfield code="1">391629</subfield>
            <subfield code="a">María Jesús Moreno, González</subfield>
        </datafield>
        <datafield tag="700" ind1=" " ind2=" ">
            <subfield code="0">''</subfield>
            <subfield code="1">400121</subfield>
            <subfield code="a">ANA FELISA MUÑOZ, RUIZ</subfield>
        </datafield>
        <datafield tag="700" ind1=" " ind2=" ">
            <subfield code="0">''</subfield>
            <subfield code="1">400121</subfield>
            <subfield code="a">ANA FELISA MUÑOZ, RUIZ</subfield>
        </datafield>
        <datafield tag="700" ind1=" " ind2=" ">
            <subfield code="0">''</subfield>
            <subfield code="1">200164</subfield>
            <subfield code="a">MERCEDES NADAL, BARBERÍA</subfield>
        </datafield>
        <datafield tag="700" ind1=" " ind2=" ">
            <subfield code="0">''</subfield>
            <subfield code="1">200164</subfield>
            <subfield code="a">MERCEDES NADAL, BARBERÍA</subfield>
        </datafield>
        <datafield tag="700" ind1=" " ind2=" ">
            <subfield code="0">''</subfield>
            <subfield code="1">700142</subfield>
            <subfield code="a">MARIA LUZ NAVARRO, INUÑEZ</subfield>
        </datafield>
        <datafield tag="700" ind1=" " ind2=" ">
            <subfield code="0">''</subfield>
            <subfield code="1">700142</subfield>
            <subfield code="a">MARIA LUZ NAVARRO, INUÑEZ</subfield>
        </datafield>
        <datafield tag="700" ind1=" " ind2=" ">
            <subfield code="0">(orcid)0000-0002-3105-9211</subfield>
            <subfield code="1">426707</subfield>
            <subfield code="a">ÁNGEL ORDUNA, ONCO</subfield>
        </datafield>
        <datafield tag="700" ind1=" " ind2=" ">
            <subfield code="0">(orcid)0000-0002-3105-9211</subfield>
            <subfield code="1">426707</subfield>
            <subfield code="a">ÁNGEL ORDUNA, ONCO</subfield>
        </datafield>
        <datafield tag="700" ind1=" " ind2=" ">
            <subfield code="0">''</subfield>
            <subfield code="1">200275</subfield>
            <subfield code="a">MARÍA ASUNCIÓN ORGA, SANZ</subfield>
        </datafield>
        <datafield tag="700" ind1=" " ind2=" ">
            <subfield code="0">''</subfield>
            <subfield code="1">200275</subfield>
            <subfield code="a">MARÍA ASUNCIÓN ORGA, SANZ</subfield>
        </datafield>
        <datafield tag="700" ind1=" " ind2=" ">
            <subfield code="0">''</subfield>
            <subfield code="1">202133</subfield>
            <subfield code="a">MARÍA ESTHER ORTEGO, SAZ</subfield>
        </datafield>
        <datafield tag="700" ind1=" " ind2=" ">
            <subfield code="0">''</subfield>
            <subfield code="1">202133</subfield>
            <subfield code="a">MARÍA ESTHER ORTEGO, SAZ</subfield>
        </datafield>
        <datafield tag="700" ind1=" " ind2=" ">
            <subfield code="0">''</subfield>
            <subfield code="1">389950</subfield>
            <subfield code="a">MARÍA ROSA OTAL, MÍNGUEZ</subfield>
        </datafield>
        <datafield tag="700" ind1=" " ind2=" ">
            <subfield code="0">''</subfield>
            <subfield code="1">389950</subfield>
            <subfield code="a">MARÍA ROSA OTAL, MÍNGUEZ</subfield>
        </datafield>
        <datafield tag="700" ind1=" " ind2=" ">
            <subfield code="0">''</subfield>
            <subfield code="1">642767</subfield>
            <subfield code="a">CELINA DE LA PARRA, CARQUÉ</subfield>
        </datafield>
        <datafield tag="700" ind1=" " ind2=" ">
            <subfield code="0">''</subfield>
            <subfield code="1">642767</subfield>
            <subfield code="a">CELINA DE LA PARRA, CARQUÉ</subfield>
        </datafield>
        <datafield tag="700" ind1=" " ind2=" ">
            <subfield code="0">''</subfield>
            <subfield code="1">304058</subfield>
            <subfield code="a">MARÍA JESÚS PEREIRA, PINILLA</subfield>
        </datafield>
        <datafield tag="700" ind1=" " ind2=" ">
            <subfield code="0">''</subfield>
            <subfield code="1">304058</subfield>
            <subfield code="a">MARÍA JESÚS PEREIRA, PINILLA</subfield>
        </datafield>
        <datafield tag="700" ind1=" " ind2=" ">
            <subfield code="0">''</subfield>
            <subfield code="1">200046</subfield>
            <subfield code="a">MARTA PEREZ, PRIMICIA</subfield>
        </datafield>
        <datafield tag="700" ind1=" " ind2=" ">
            <subfield code="0">''</subfield>
            <subfield code="1">200046</subfield>
            <subfield code="a">MARTA PEREZ, PRIMICIA</subfield>
        </datafield>
        <datafield tag="700" ind1=" " ind2=" ">
            <subfield code="0">''</subfield>
            <subfield code="1">604752</subfield>
            <subfield code="a">ESTHER PEREZ, PANZANO</subfield>
        </datafield>
        <datafield tag="700" ind1=" " ind2=" ">
            <subfield code="0">''</subfield>
            <subfield code="1">604752</subfield>
            <subfield code="a">ESTHER PEREZ, PANZANO</subfield>
        </datafield>
        <datafield tag="700" ind1=" " ind2=" ">
            <subfield code="0">''</subfield>
            <subfield code="1">516400</subfield>
            <subfield code="a">MARÍA JESÚS PÉREZ, GIL</subfield>
        </datafield>
        <datafield tag="700" ind1=" " ind2=" ">
            <subfield code="0">''</subfield>
            <subfield code="1">200331</subfield>
            <subfield code="a">JUAN FRANCISCO PÉREZ, ARCOS</subfield>
        </datafield>
        <datafield tag="700" ind1=" " ind2=" ">
            <subfield code="0">''</subfield>
            <subfield code="1">200331</subfield>
            <subfield code="a">JUAN FRANCISCO PÉREZ, ARCOS</subfield>
        </datafield>
        <datafield tag="700" ind1=" " ind2=" ">
            <subfield code="0">''</subfield>
            <subfield code="1">516400</subfield>
            <subfield code="a">MARÍA JESÚS PÉREZ, GIL</subfield>
        </datafield>
        <datafield tag="700" ind1=" " ind2=" ">
            <subfield code="0">''</subfield>
            <subfield code="1">365738</subfield>
            <subfield code="a">SONIA ESPERANZA PINZON, CASTRO</subfield>
        </datafield>
        <datafield tag="700" ind1=" " ind2=" ">
            <subfield code="0">''</subfield>
            <subfield code="1">365738</subfield>
            <subfield code="a">SONIA ESPERANZA PINZON, CASTRO</subfield>
        </datafield>
        <datafield tag="700" ind1=" " ind2=" ">
            <subfield code="0">(orcid)0000-0002-0931-4650</subfield>
            <subfield code="1">389307</subfield>
            <subfield code="a">MARIA LUISA PUEYO, TIL</subfield>
        </datafield>
        <datafield tag="700" ind1=" " ind2=" ">
            <subfield code="0">(orcid)0000-0002-0931-4650</subfield>
            <subfield code="1">389307</subfield>
            <subfield code="a">MARIA LUISA PUEYO, TIL</subfield>
        </datafield>
        <datafield tag="700" ind1=" " ind2=" ">
            <subfield code="0">''</subfield>
            <subfield code="1">388079</subfield>
            <subfield code="a">MARÍA DOLORES PUJOL, PEIRÓ</subfield>
        </datafield>
        <datafield tag="700" ind1=" " ind2=" ">
            <subfield code="0">''</subfield>
            <subfield code="1">388079</subfield>
            <subfield code="a">MARÍA DOLORES PUJOL, PEIRÓ</subfield>
        </datafield>
        <datafield tag="700" ind1=" " ind2=" ">
            <subfield code="0">''</subfield>
            <subfield code="1">391348</subfield>
            <subfield code="a">SAGRARIO QUÍLEZ, GUILLÉN</subfield>
        </datafield>
        <datafield tag="700" ind1=" " ind2=" ">
            <subfield code="0">''</subfield>
            <subfield code="1">391348</subfield>
            <subfield code="a">SAGRARIO QUÍLEZ, GUILLÉN</subfield>
        </datafield>
        <datafield tag="700" ind1=" " ind2=" ">
            <subfield code="0">''</subfield>
            <subfield code="1">200535</subfield>
            <subfield code="a">ROBERTO ROJO, ESPIÑEIRA</subfield>
        </datafield>
        <datafield tag="700" ind1=" " ind2=" ">
            <subfield code="0">''</subfield>
            <subfield code="1">200535</subfield>
            <subfield code="a">ROBERTO ROJO, ESPIÑEIRA</subfield>
        </datafield>
        <datafield tag="700" ind1=" " ind2=" ">
            <subfield code="0">''</subfield>
            <subfield code="1">121997</subfield>
            <subfield code="a">ELENA ROSES, MONFORT</subfield>
        </datafield>
        <datafield tag="700" ind1=" " ind2=" ">
            <subfield code="0">''</subfield>
            <subfield code="1">121997</subfield>
            <subfield code="a">ELENA ROSES, MONFORT</subfield>
        </datafield>
        <datafield tag="700" ind1=" " ind2=" ">
            <subfield code="0">''</subfield>
            <subfield code="1">391657</subfield>
            <subfield code="a">Ana Jesús Royo, Lucia</subfield>
        </datafield>
        <datafield tag="700" ind1=" " ind2=" ">
            <subfield code="0">''</subfield>
            <subfield code="1">391657</subfield>
            <subfield code="a">Ana Jesús Royo, Lucia</subfield>
        </datafield>
        <datafield tag="700" ind1=" " ind2=" ">
            <subfield code="0">(orcid)0000-0001-7045-3599</subfield>
            <subfield code="1">477110</subfield>
            <subfield code="a">MARIA CONCEPCION RUBIO, SORIANO</subfield>
        </datafield>
        <datafield tag="700" ind1=" " ind2=" ">
            <subfield code="0">(orcid)0000-0001-7045-3599</subfield>
            <subfield code="1">477110</subfield>
            <subfield code="a">MARIA CONCEPCION RUBIO, SORIANO</subfield>
        </datafield>
        <datafield tag="700" ind1=" " ind2=" ">
            <subfield code="0">''</subfield>
            <subfield code="1">386801</subfield>
            <subfield code="a">JESÚS FERNANDO RUIZ, BARRANCO</subfield>
        </datafield>
        <datafield tag="700" ind1=" " ind2=" ">
            <subfield code="0">''</subfield>
            <subfield code="1">386801</subfield>
            <subfield code="a">JESÚS FERNANDO RUIZ, BARRANCO</subfield>
        </datafield>
        <datafield tag="700" ind1=" " ind2=" ">
            <subfield code="0">''</subfield>
            <subfield code="1">391466</subfield>
            <subfield code="a">Juana María Ruiz, Carcavilla</subfield>
        </datafield>
        <datafield tag="700" ind1=" " ind2=" ">
            <subfield code="0">''</subfield>
            <subfield code="1">391466</subfield>
            <subfield code="a">Juana María Ruiz, Carcavilla</subfield>
        </datafield>
        <datafield tag="700" ind1=" " ind2=" ">
            <subfield code="0">''</subfield>
            <subfield code="1">365810</subfield>
            <subfield code="a">MARÍA LUZ SALVADOR, VISIEDO</subfield>
        </datafield>
        <datafield tag="700" ind1=" " ind2=" ">
            <subfield code="0">''</subfield>
            <subfield code="1">365810</subfield>
            <subfield code="a">MARÍA LUZ SALVADOR, VISIEDO</subfield>
        </datafield>
        <datafield tag="700" ind1=" " ind2=" ">
            <subfield code="0">''</subfield>
            <subfield code="1">189048</subfield>
            <subfield code="a">MARÍA ESTER SÁNCHEZ, PÉREZ</subfield>
        </datafield>
        <datafield tag="700" ind1=" " ind2=" ">
            <subfield code="0">''</subfield>
            <subfield code="1">189048</subfield>
            <subfield code="a">MARÍA ESTER SÁNCHEZ, PÉREZ</subfield>
        </datafield>
        <datafield tag="700" ind1=" " ind2=" ">
            <subfield code="0">''</subfield>
            <subfield code="1">183073</subfield>
            <subfield code="a">ANA PILAR SÁNCHEZ, VALLESPÍN</subfield>
        </datafield>
        <datafield tag="700" ind1=" " ind2=" ">
            <subfield code="0">''</subfield>
            <subfield code="1">201802</subfield>
            <subfield code="a">MARÍA CARMEN SÁNCHEZ, SANZ</subfield>
        </datafield>
        <datafield tag="700" ind1=" " ind2=" ">
            <subfield code="0">''</subfield>
            <subfield code="1">183073</subfield>
            <subfield code="a">ANA PILAR SÁNCHEZ, VALLESPÍN</subfield>
        </datafield>
        <datafield tag="700" ind1=" " ind2=" ">
            <subfield code="0">''</subfield>
            <subfield code="1">201802</subfield>
            <subfield code="a">MARÍA CARMEN SÁNCHEZ, SANZ</subfield>
        </datafield>
        <datafield tag="700" ind1=" " ind2=" ">
            <subfield code="0">''</subfield>
            <subfield code="1">381094</subfield>
            <subfield code="a">MARÍA CARMEN SANCHO, ALCAZAR</subfield>
        </datafield>
        <datafield tag="700" ind1=" " ind2=" ">
            <subfield code="0">''</subfield>
            <subfield code="1">381094</subfield>
            <subfield code="a">MARÍA CARMEN SANCHO, ALCAZAR</subfield>
        </datafield>
        <datafield tag="700" ind1=" " ind2=" ">
            <subfield code="0">''</subfield>
            <subfield code="1">201984</subfield>
            <subfield code="a">MARÍA NATIVIDAD SANTOLAYA, SÁNCHEZ</subfield>
        </datafield>
        <datafield tag="700" ind1=" " ind2=" ">
            <subfield code="0">''</subfield>
            <subfield code="1">201984</subfield>
            <subfield code="a">MARÍA NATIVIDAD SANTOLAYA, SÁNCHEZ</subfield>
        </datafield>
        <datafield tag="700" ind1=" " ind2=" ">
            <subfield code="0">''</subfield>
            <subfield code="1">400124</subfield>
            <subfield code="a">ANA ISABEL SANZ, GÓMEZ</subfield>
        </datafield>
        <datafield tag="700" ind1=" " ind2=" ">
            <subfield code="0">''</subfield>
            <subfield code="1">400124</subfield>
            <subfield code="a">ANA ISABEL SANZ, GÓMEZ</subfield>
        </datafield>
        <datafield tag="700" ind1=" " ind2=" ">
            <subfield code="0">''</subfield>
            <subfield code="1">390562</subfield>
            <subfield code="a">AMPARO SECORUN, PONCELA</subfield>
        </datafield>
        <datafield tag="700" ind1=" " ind2=" ">
            <subfield code="0">''</subfield>
            <subfield code="1">390562</subfield>
            <subfield code="a">AMPARO SECORUN, PONCELA</subfield>
        </datafield>
        <datafield tag="700" ind1=" " ind2=" ">
            <subfield code="0">''</subfield>
            <subfield code="1">494757</subfield>
            <subfield code="a">ROGELIO SERRANO, LÁZARO</subfield>
        </datafield>
        <datafield tag="700" ind1=" " ind2=" ">
            <subfield code="0">''</subfield>
            <subfield code="1">364305</subfield>
            <subfield code="a">MARIA PILAR SERRANO, ANDRES</subfield>
        </datafield>
        <datafield tag="700" ind1=" " ind2=" ">
            <subfield code="0">''</subfield>
            <subfield code="1">494757</subfield>
            <subfield code="a">ROGELIO SERRANO, LÁZARO</subfield>
        </datafield>
        <datafield tag="700" ind1=" " ind2=" ">
            <subfield code="0">''</subfield>
            <subfield code="1">364305</subfield>
            <subfield code="a">MARIA PILAR SERRANO, ANDRES</subfield>
        </datafield>
        <datafield tag="700" ind1=" " ind2=" ">
            <subfield code="0">''</subfield>
            <subfield code="1">391658</subfield>
            <subfield code="a">María Concepción Sevilla, Nogueras</subfield>
        </datafield>
        <datafield tag="700" ind1=" " ind2=" ">
            <subfield code="0">''</subfield>
            <subfield code="1">391658</subfield>
            <subfield code="a">María Concepción Sevilla, Nogueras</subfield>
        </datafield>
        <datafield tag="700" ind1=" " ind2=" ">
            <subfield code="0">''</subfield>
            <subfield code="1">363917</subfield>
            <subfield code="a">MARÍA PAZ SIMÓN, PARACUELLOS</subfield>
        </datafield>
        <datafield tag="700" ind1=" " ind2=" ">
            <subfield code="0">''</subfield>
            <subfield code="1">363917</subfield>
            <subfield code="a">MARÍA PAZ SIMÓN, PARACUELLOS</subfield>
        </datafield>
        <datafield tag="700" ind1=" " ind2=" ">
            <subfield code="0">''</subfield>
            <subfield code="1">387939</subfield>
            <subfield code="a">ANA MARÍA SOLANS, GARCÍA</subfield>
        </datafield>
        <datafield tag="700" ind1=" " ind2=" ">
            <subfield code="0">''</subfield>
            <subfield code="1">387939</subfield>
            <subfield code="a">ANA MARÍA SOLANS, GARCÍA</subfield>
        </datafield>
        <datafield tag="700" ind1=" " ind2=" ">
            <subfield code="0">''</subfield>
            <subfield code="1">391436</subfield>
            <subfield code="a">María Carmen Soro, Tolón</subfield>
        </datafield>
        <datafield tag="700" ind1=" " ind2=" ">
            <subfield code="0">''</subfield>
            <subfield code="1">391436</subfield>
            <subfield code="a">María Carmen Soro, Tolón</subfield>
        </datafield>
        <datafield tag="700" ind1=" " ind2=" ">
            <subfield code="0">''</subfield>
            <subfield code="1">705830</subfield>
            <subfield code="a">ANTONIO MANUEL SOUSA, LEÓN</subfield>
        </datafield>
        <datafield tag="700" ind1=" " ind2=" ">
            <subfield code="0">''</subfield>
            <subfield code="1">705830</subfield>
            <subfield code="a">ANTONIO MANUEL SOUSA, LEÓN</subfield>
        </datafield>
        <datafield tag="700" ind1=" " ind2=" ">
            <subfield code="0">''</subfield>
            <subfield code="1">426390</subfield>
            <subfield code="a">MARIA TERESA TOLOSANA, LASHERAS</subfield>
        </datafield>
        <datafield tag="700" ind1=" " ind2=" ">
            <subfield code="0">''</subfield>
            <subfield code="1">426390</subfield>
            <subfield code="a">MARIA TERESA TOLOSANA, LASHERAS</subfield>
        </datafield>
        <datafield tag="700" ind1=" " ind2=" ">
            <subfield code="0">(orcid)0000-0003-1480-4539</subfield>
            <subfield code="1">507117</subfield>
            <subfield code="a">CARMEN TOSAT, MANCHO</subfield>
        </datafield>
        <datafield tag="700" ind1=" " ind2=" ">
            <subfield code="0">(orcid)0000-0003-1480-4539</subfield>
            <subfield code="1">507117</subfield>
            <subfield code="a">CARMEN TOSAT, MANCHO</subfield>
        </datafield>
        <datafield tag="700" ind1=" " ind2=" ">
            <subfield code="0">''</subfield>
            <subfield code="1">508449</subfield>
            <subfield code="a">MARÍA JULIA VILLABONA, RESANO</subfield>
        </datafield>
        <datafield tag="700" ind1=" " ind2=" ">
            <subfield code="0">''</subfield>
            <subfield code="1">508449</subfield>
            <subfield code="a">MARÍA JULIA VILLABONA, RESANO</subfield>
        </datafield>
        <datafield tag="700" ind1=" " ind2=" ">
            <subfield code="0">''</subfield>
            <subfield code="1">391447</subfield>
            <subfield code="a">María Teresa Villanueva, Orbaiz</subfield>
        </datafield>
        <datafield tag="700" ind1=" " ind2=" ">
            <subfield code="0">''</subfield>
            <subfield code="1">391447</subfield>
            <subfield code="a">María Teresa Villanueva, Orbaiz</subfield>
        </datafield>
        <datafield tag="700" ind1=" " ind2=" ">
            <subfield code="0">''</subfield>
            <subfield code="1">387923</subfield>
            <subfield code="a">ROSA ISABEL VILLARES, ANDRES</subfield>
        </datafield>
        <datafield tag="700" ind1=" " ind2=" ">
            <subfield code="0">''</subfield>
            <subfield code="1">387923</subfield>
            <subfield code="a">ROSA ISABEL VILLARES, ANDRES</subfield>
        </datafield>
        <datafield tag="700" ind1=" " ind2=" ">
            <subfield code="0">(orcid)0000-0002-6077-8944</subfield>
            <subfield code="1">585569</subfield>
            <subfield code="a">MARÍA MILAGROS VILLARROYA, LACILLA</subfield>
        </datafield>
        <datafield tag="700" ind1=" " ind2=" ">
            <subfield code="0">(orcid)0000-0002-6077-8944</subfield>
            <subfield code="1">585569</subfield>
            <subfield code="a">MARÍA MILAGROS VILLARROYA, LACILLA</subfield>
        </datafield>
        <datafield tag="700" ind1=" " ind2=" ">
            <subfield code="0">''</subfield>
            <subfield code="1">121358</subfield>
            <subfield code="a">MARÍA CARMEN VIÑAS, VIAMONTE</subfield>
        </datafield>
        <datafield tag="700" ind1=" " ind2=" ">
            <subfield code="0">''</subfield>
            <subfield code="1">121358</subfield>
            <subfield code="a">MARÍA CARMEN VIÑAS, VIAMONTE</subfield>
        </datafield>
        <datafield tag="830" ind1=" " ind2=" ">
            <subfield code="9">561</subfield>
        </datafield>
        <datafield tag="830" ind1=" " ind2=" ">
            <subfield code="9">559</subfield>
        </datafield>
        <datafield tag="830" ind1=" " ind2=" ">
            <subfield code="9">560</subfield>
        </datafield>
        <datafield tag="830" ind1=" " ind2=" ">
            <subfield code="9">273</subfield>
        </datafield>
        <datafield tag="830" ind1=" " ind2=" ">
            <subfield code="9">280</subfield>
        </datafield>
        <datafield tag="830" ind1=" " ind2=" ">
            <subfield code="9">281</subfield>
        </datafield>
        <datafield tag="856" ind1="4" ind2=" ">
            <subfield code="s">16674</subfield>
            <subfield code="u">http://zaguan.unizar.es/record/71378/files/guia-25415-es.pdf</subfield>
            <subfield code="y">Guía (idioma español)</subfield>
        </datafield>
        <datafield tag="856" ind1="4" ind2=" ">
            <subfield code="s">6462</subfield>
            <subfield code="u">http://zaguan.unizar.es/record/71378/files/guia-25415-en.pdf</subfield>
            <subfield code="y">Guide (english)</subfield>
        </datafield>
        <datafield tag="970" ind1=" " ind2=" ">
            <subfield code="a">GDOC-2017-25415</subfield>
        </datafield>
        <datafield tag="980" ind1=" " ind2=" ">
            <subfield code="a">GDOC</subfield>
            <subfield code="b">Ciencias de la Salud</subfield>
            <subfield code="b">Health Sciences</subfield>
            <subfield code="c">375</subfield>
            <subfield code="c">275</subfield>
            <subfield code="c">127</subfield>
        </datafield>
    </record>

    
</collection>